| 000 | 00384nam a2200145Ia 4500 | ||
|---|---|---|---|
| 008 | 240729s9999 xx 000 0 und d | ||
| 022 | _a2321-6689 | ||
| 245 | 0 | _aSahel Medical Journal | |
| 260 | _aIndia | ||
| 260 | _bWolters Kluwer Medknow Publications | ||
| 650 | _aMedicine | ||
| 856 | _uhttps://doaj.org/toc/c170036cbb354f17ab07e16e55aaeacd | ||
| 942 | _2ddc | ||
| 942 | _cDOAJEJ | ||
| 999 |
_c71464 _d71464 |
||
| 945 |
_a1 _bMadushi Gamage _c1 _dMadushi Gamage |
||